000 00656nam a2200241Ia 4500
999 _c2675
_d2675
007 ta
008 230222t2021||||ii a|||gd|||||||| ||und||
020 _a9789351611790
_cRs. 650.00
040 _aKO
_beng
041 0 _aeng
044 _aii
082 0 4 _a657.8
_bG9596
_223
100 1 _aGupta, R. L.
245 1 0 _aCorporate Accounting /
_cR. L. Gupta and M. Radhaswamy
250 _a14th rev. ed.
260 _aNew Delhi :
_bSultan Chand and Sons,
_c2021
300 _axvi, various paginations
_b :
_c; 24 cm.
650 0 _aCorporations
_xAccounting
_vTextbooks
700 1 _aRadhaswamy, M.
_eaut
904 _aA_BOSE
942 _cBK